Menace of the Dragon (Record no. 225941)
[ view plain ]
| 000 -LEADER | |
|---|---|
| fixed length control field | 00638nam a22002297a 4500 |
| 005 - DATE AND TIME OF LATEST TRANSACTION | |
| control field | 20221220100832.0 |
| 008 - FIXED-LENGTH DATA ELEMENTS--GENERAL INFORMATION | |
| fixed length control field | 221220b ||||| |||| 00| 0 eng d |
| 040 ## - CATALOGING SOURCE | |
| Transcribing agency | AL |
| 041 ## - LANGUAGE CODE | |
| Language code of text/sound track or separate title | English |
| 082 ## - DEWEY DECIMAL CLASSIFICATION NUMBER | |
| Edition number | 23 |
| Classification number | 954.042 |
| Item number | SUNM |
| 100 ## - MAIN ENTRY--PERSONAL NAME | |
| Personal name | B Shyam Sunder |
| 100 ## - MAIN ENTRY--PERSONAL NAME | |
| 9 (RLIN) | 66840 |
| 245 ## - TITLE STATEMENT | |
| Title | Menace of the Dragon |
| 260 ## - PUBLICATION, DISTRIBUTION, ETC. | |
| Place of publication, distribution, etc. | Hyderabad |
| Name of publisher, distributor, etc. | Samaanlara Book House |
| Date of publication, distribution, etc. | 2009 |
| 300 ## - PHYSICAL DESCRIPTION | |
| Extent | xxi,92 p. |
| Other physical details | PB |
| Dimensions | 21.5x13.8 cm. |
| 365 ## - TRADE PRICE | |
| Price amount | ₹75.00 |
| Currency code | ₹ |
| Unit of pricing | ₹75.00 |
| 650 ## - SUBJECT ADDED ENTRY--TOPICAL TERM | |
| Topical term or geographic name entry element | China |
| 9 (RLIN) | 66841 |
| 650 ## - SUBJECT ADDED ENTRY--TOPICAL TERM | |
| Topical term or geographic name entry element | India |
| 9 (RLIN) | 66842 |
| 650 ## - SUBJECT ADDED ENTRY--TOPICAL TERM | |
| Topical term or geographic name entry element | Military relations |
| 9 (RLIN) | 66843 |
| 650 ## - SUBJECT ADDED ENTRY--TOPICAL TERM | |
| Topical term or geographic name entry element | Indo China War 1962 |
| 9 (RLIN) | 66844 |
| 700 ## - ADDED ENTRY--PERSONAL NAME | |
| Personal name | SUNDER (Shyam B) |
| 9 (RLIN) | 66845 |
| 942 ## - ADDED ENTRY ELEMENTS (KOHA) | |
| Source of classification or shelving scheme | Dewey Decimal Classification |
| Koha item type | Donated Books |
| Withdrawn status | Lost status | Source of classification or shelving scheme | Damaged status | Not for loan | Collection code | Home library | Current library | Date acquired | Total Checkouts | Full call number | Barcode | Date last seen | Price effective from | Koha item type | Public note |
|---|---|---|---|---|---|---|---|---|---|---|---|---|---|---|---|
| Dewey Decimal Classification | History | St Aloysius Library | St Aloysius Library | 11/28/2014 | 954.042 SUNM | D05322 | 12/20/2022 | 12/20/2022 | Donated Books | Donated by V. T. Rajshekar |